logo

Bir Sreshtho Munshi Abdur Rouf Library
Jhenaidah Cadet College

Katy at Home / (Record no. 7828)

MARC details
000 -LEADER
fixed length control field 00622nam a22002292 4500
001 - CONTROL NUMBER
JCCL Control Number 7828
003 - CONTROL NUMBER IDENTIFIER
JCCL marc code BD - JCC
005 - DATE AND TIME OF LATEST TRANSACTION
control field 20181003173855.0
008 - FIXED-LENGTH DATA ELEMENTS--GENERAL INFORMATION
fixed length control field 750104s1957 xxk 000 0 eng d
035 ## - SYSTEM CONTROL NUMBER
system control number (BD - JCC)7828
040 ## - CATALOGING SOURCE
Original cataloging agency UKM
Transcribing agency UKM
Modifying agency EQO
-- BD - JCC
041 ## - LANGUAGE CODE
Language code of Book eng
082 04 - DEWEY DECIMAL CLASSIFICATION NUMBER
Classification number 428.6
DDC Edition number 18
Author mark and Year SER 1957
100 1# - MAIN ENTRY--PERSONAL NAME
Personal name Serraillier, Ian.
245 10 - TITLE STATEMENT
Title Katy at Home /
Statement of responsibility, etc Ian Serraillier, illustrated by Shirley Hughes.
260 ## - PUBLICATION, DISTRIBUTION, ETC. (IMPRINT)
Name of publisher, distributor, etc Heinemann,
Date of publication, distribution, etc 1957.
300 ## - PHYSICAL DESCRIPTION
Pagination 128 p. :
Other physical details ill. ;
Dimensions 20 cm.
490 1# - SERIES STATEMENT
Series statement Wide horizon reading scheme, stage 1
600 ## - SUBJECT ADDED ENTRY--PERSONAL NAME
Personal name Serraillier, Ian
942 ## - ADDED ENTRY ELEMENTS (KOHA)
Source of classification or shelving scheme Dewey Decimal Classification
Koha item type Books
Holdings
Source of classification or shelving scheme Damaged status Not for loan Home library Current library Shelving location Total Checkouts Full call number Barcode Date last seen Copy number Koha item type Date of accession
Dewey Decimal Classification     JCC Rouf Library JCC Rouf Library General Stacks   428.6 SER 1957 9214 02/14/2018 C-1 Books  
Dewey Decimal Classification     JCC Rouf Library JCC Rouf Library General Stacks   428.6 SER 1957 9250 07/23/2018 C-2 Books 07/24/2018

JCC Library | Contacts | JCC Home

Last Update on 23 September 2017
Copyright @ 2017-2020 JCC Rouf Library
Rouf Library, Jhenidah Cadet College (JCC), Bangladesh